000 00274nam a2200121 a 4500
008 101026s1967|||| d
100 1 _aMažár, Štefan
245 1 0 _aTraja vo víre
260 _bObzor
_aBratislava
_c1967
020 _c20
041 _aslo
044 _axo
_cSK
999 _c12273
_d12273